Ir más allá de las palabras: rompiendo las barreras del género edad, sexo, poder, dinero y músculos
Uloženo v:
| Hlavní autor: | |
|---|---|
| Médium: | Kniha |
| Jazyk: | španělština |
| Vydáno: |
Barcelona
Paidós
1996
|
| Edice: | Paidós Contextos, 25
|
| Témata: | |
| Tagy: |
Přidat tag
Žádné tagy, Buďte první, kdo vytvoří štítek k tomuto záznamu!
|
MARC
| LEADER | 00000nam a2200000 a 4500 | ||
|---|---|---|---|
| 001 | UCS3001 | ||
| 003 | CL-VaPUC | ||
| 008 | 970611e19960000SP |||||||||||||||||spa|d | ||
| 082 | 0 | 4 | |a 814 |b STE |2 21 |
| 100 | 0 | |a Steínem, Gloria |e author |9 388964 | |
| 245 | 1 | 0 | |a Ir más allá de las palabras: rompiendo las barreras del género edad, sexo, poder, dinero y músculos |
| 300 | |a 286 p | ||
| 942 | |c BK | ||
| 945 | |d 19970611 00:00:00 |a amoreno | ||
| 260 | |a Barcelona |b Paidós |c 1996 | ||
| 650 | 0 | |a Ensayos estadounidenses |9 268384 | |
| 650 | 7 | |a MISCELANEAS ESTADOUNIDENSES |2 CL-VaPUC |9 388965 | |
| 650 | 7 | |a COLECCIONES DE ESCRITOS |2 CL-VaPUC |9 258877 | |
| 650 | 0 | |a Literatura estadounidense |9 317168 | |
| 583 | |a last modification |c 19970611 00:00:00 |k Rodrigo Vera | ||
| 490 | 0 | |a Paidós Contextos, 25 | |
| 999 | |c 260873 |d 260871 | ||
| 952 | |0 0 |1 0 |4 0 |6 814_000000000000000_STE_1996 |7 0 |8 A |9 287491 |a FDOPOS |b FDOPOS |d 2019-11-19 |i 332091K |o 814 STE 1996 |p 332091K |r 2025-01-22 |w 2019-11-19 |y BK |k MLH | ||